Pragati's fluid dynamics and advanced hydro-dynamics : (Record no. 13760)

MARC details
000 -LEADER
fixed length control field 00939nam a22002537a 4500
005 - DATE AND TIME OF LATEST TRANSACTION
control field 20080617165324.0
008 - FIXED-LENGTH DATA ELEMENTS--GENERAL INFORMATION
fixed length control field 080617t xxu||||| |||| 00| 0 eng d
010 ## - LIBRARY OF CONGRESS CONTROL NUMBER
LC control number ENG-90354
020 ## - INTERNATIONAL STANDARD BOOK NUMBER
Terms of availability 225.00
International Standard Book Number 8183984997
035 ## - SYSTEM CONTROL NUMBER
System control number EN-73887
037 ## - SOURCE OF ACQUISITION
Source of stock number/acquisition DBAD / PUB
040 ## - CATALOGING SOURCE
Original cataloging agency DPL
Language of cataloging EN
082 ## - DEWEY DECIMAL CLASSIFICATION NUMBER
Classification number 532.05
100 ## - MAIN ENTRY--PERSONAL NAME
Personal name Goyal, J.K.
245 ## - TITLE STATEMENT
Title Pragati's fluid dynamics and advanced hydro-dynamics :
Statement of responsibility, etc by J.K. Goyal [and] K.P. Gupta
Remainder of title [for Honours, Post-Graduate and M. Phil. Students]
250 ## - EDITION STATEMENT
Edition statement 15th ed.
260 ## - PUBLICATION, DISTRIBUTION, ETC. (IMPRINT)
Place of publication, distribution, etc Meerut
Name of publisher, distributor, etc Pragati Prakashan
Date of publication, distribution, etc 2008
270 ## - ADDRESS
Address Pragati Bhawan, 240, W.K, Road,
City Meerut
Postal code 250001
300 ## - PHYSICAL DESCRIPTION
Extent viii, 580p.
Dimensions 25 cm (pbk)
490 ## - SERIES STATEMENT
Series statement
700 ## - ADDED ENTRY--PERSONAL NAME
Personal name Gupta, K.P.
942 ## - ADDED ENTRY ELEMENTS (KOHA)
Koha item type English Books
Classification part 532.05
Source of classification or shelving scheme Dewey Decimal Classification
Call number suffix GOY
Holdings
Withdrawn status Lost status Damaged status Not for loan Collection code Home library Current library Date acquired Source of acquisition Cost, normal purchase price Total Checkouts Full call number Barcode Date last seen Copy number Cost, replacement price Price effective from Koha item type
      Not For Loan Non-fiction D.B.Act.Division D.B.Act.Division 17/06/2008 DBAD / PUB 225.00   532.05 GOY EN-73887 15/09/2008 1 225.00 15/09/2008 English Books

© Delhi Public Library
Hit Counter
free hit counter